According to Netflix: Doctor Who (Series 1-4) Quiz Stats

 Plays Quiz not verified by Sporcle

Score 0/60 Timer 18:00
0 Plays Today
% Correct
The Fires of Pompeii
73.2%
42
72.3%
The Girl in the Fireplace
72.2%
The Lazarus Experiment
71.8%
Rose
71.3%
The Doctor's Daughter
71.3%
The Waters of Mars
71.2%
The Shakespeare Code
70.4%
The Unicorn and the Wasp
69.9%
Blink
69.6%
Silence in the Library
68.7%
Midnight
68.6%
Turn Left
68.3%
The Runaway Bride
68.3%
The Empty Child
67.9%
Father's Day
66.4%
Planet of the Ood
65.2%
Fear Her
65.1%
Tooth and Claw
63.8%
Gridlock
63%
The Next Doctor
62.7%
Daleks in Manhattan
62.1%
The End of the World
62%
The Satan Pit
61.5%
Smith and Jones
61.4%
New Earth
61.4%
The Christmas Invasion
60.9%
The Stolen Earth
60.7%
School Reunion
60.5%
Poison Sky
59.3%
% Correct
Voyage of the Damned
58.7%
Partners in Crime
58.3%
Dalek
58%
The Unquiet Dead
57.3%
Aliens of London
57.1%
The End of Time: Part 2
54.7%
Forest of the Dead
54.1%
The Family of Blood
53.3%
The Doctor Dances
52.9%
Utopia
51.7%
The Sontaran Stratagem
51.6%
Human Nature
51.6%
The Impossible Planet
51.3%
The Idiot's Lantern
51.1%
Love & Monsters
49%
Planet of the Dead
47.9%
The End of Time: Part 1
47.3%
The Long Game
46.9%
Evolution of the Daleks
45.4%
Boom Town
44.9%
The Sound of Drums
44.2%
Bad Wolf
44.2%
World War Three
43%
Doomsday
42.1%
Army of Ghosts
41.4%
The Age of Steel
41%
Journey's End
37.7%
Rise of the Cybermen
35.7%
Last of the Time Lords
32.3%
The Parting of the Ways
27.1%

You're not logged in!

Compare scores with friends on all Sporcle quizzes.
OR
Log In

You Might Also Like...

Show Comments

Extras

Curator's Pick Sep 12, 2014ReportNominate
Tags:Doctor Who Quiz, bbc, episode, netflix, scifi

Top Quizzes Today


Score Distribution

Your Account Isn't Verified!

In order to create a playlist on Sporcle, you need to verify the email address you used during registration. Go to your Sporcle Settings to finish the process.

Report this User

Report this user for behavior that violates our Community Guidelines.

Details: